DIGITAL LOGIC , CIRCUITS AND SYSTEMS (Record no. 573665)
[ view plain ]
| 000 -LEADER | |
|---|---|
| fixed length control field | 00379nam a22001337a 4500 |
| 020 ## - INTERNATIONAL STANDARD BOOK NUMBER | |
| International Standard Book Number | 0-8273-2475-8 |
| 082 ## - DEWEY DECIMAL CLASSIFICATION NUMBER | |
| Classification number | 621.3815 HIL |
| 100 ## - MAIN ENTRY--PERSONAL NAME | |
| Personal name | HILSENRATH, FRED , PIERCE, BILL |
| 9 (RLIN) | 65468 |
| 245 ## - TITLE STATEMENT | |
| Title | DIGITAL LOGIC , CIRCUITS AND SYSTEMS |
| 260 ## - PUBLICATION, DISTRIBUTION, ETC. | |
| Place of publication, distribution, etc. | LONDON |
| Name of publisher, distributor, etc. | DELMARE |
| Date of publication, distribution, etc. | 1988 |
| 300 ## - PHYSICAL DESCRIPTION | |
| Extent | 496P |
| 650 ## - SUBJECT ADDED ENTRY--TOPICAL TERM | |
| Topical term or geographic name entry element | LOGIC CIRCUITS SWITCHING CIRCUITS DIGITAL ELECTRONICS |
| 9 (RLIN) | 65469 |
| 942 ## - ADDED ENTRY ELEMENTS (KOHA) | |
| Koha item type | Book |
| Withdrawn status | Lost status | Damaged status | Not for loan | Permanent Location | Current Location | Shelving location | Date acquired | Total Checkouts | Full call number | Barcode | Date last seen | Price effective from | Koha item type |
|---|---|---|---|---|---|---|---|---|---|---|---|---|---|
| College of Electrical & Mechanical Engineering (CEME) | College of Electrical & Mechanical Engineering (CEME) | General Stacks | 07/27/2017 | 621.3815 HIL | CEME-25898 | 06/28/2021 | 06/28/2021 | Book |
